| 000 | 00882na a2200241 4500 | ||
|---|---|---|---|
| 001 | 18051 | ||
| 003 | MIRAKIL | ||
| 005 | 20181213154920.0 | ||
| 008 | 161110b tu 000 0 | ||
| 040 |
_aMilas _btur _cTR-AnCHP |
||
| 041 | _atur | ||
| 082 |
_a328.068 _bT96 1995 |
||
| 090 | _a328.068 T96 1995 | ||
| 245 |
_a Türk-Alman-Avrupa parlamenterleri diyalog programı _bDemokratik ülkelerde parlamentonun işleyişi milletvekillerinin görev sorumluluk yetki ve sosyal hakları _cKonrad Adenauer Vakfı, Türk Demokrasi Vakfı |
||
| 260 |
_aAnkara _bKonrad Adenauer Vakfı _c1994 |
||
| 300 |
_a66 s. _c21 sm. |
||
| 650 |
_aTürkiye _xYasama organları _yParlemento |
||
| 650 |
_aYasama organları _xParlementolar _zAlmanya |
||
| 650 |
_aYasama organları _xParlementolar _zAvrupa |
||
| 710 | _aTürk Demokrasi Vakfı | ||
| 710 | _aKonrad Adenauer Vakfı | ||
| 942 |
_2ddc _cBKS |
||
| 999 |
_c3102 _d3102 |
||